Statistics for Countries Most Similar To Nicaragua

Click here to take the quiz!

General Stats

  • This quiz has been taken 14 times
  • The average score is 18 of 20

Answer Stats

RankCountryScore% Correct
17Brazil69
100%
7Colombia77.2
100%
6Costa Rica79
100%
12Cuba72.1
100%
5Dominican Republic79.2
100%
8Ecuador76.8
100%
1Honduras86.1
100%
4Panama81
100%
10Peru73.8
100%
9Venezuela76.7
100%
20Argentina64.5
88%
13Belize71.3
88%
18Chile65.1
88%
2El Salvador83.3
88%
3Guatemala81.6
88%
11Mexico73.7
88%
16Paraguay70.6
88%
14Bolivia70.8
75%
15Haiti70.6
63%
19Guyana64.6
50%

Score Distribution

Percentile by Number Answered

Percent of People with Each Score

Your Score History

You have not taken this quiz